| 000 | 00541nam a2200205Ia 4500 | ||
|---|---|---|---|
| 005 | 20240823020542.0 | ||
| 008 | 240823s9999||||xx |||||||||||||| ||und|| | ||
| 020 | _a81-297-0257-6 | ||
| 041 | _aENGLISH | ||
| 082 | _A658.4038 P5 | ||
| 100 | _a"Mc Nurlin,Barbara C" | ||
| 245 | 0 | _aInformation Systems Management in Practice | |
| 250 | _a6th | ||
| 260 |
_c2005 _bPearson Education (Singapore) |
||
| 500 | _aYES | ||
| 650 |
_aInformation System _bManagement Studies |
||
| 700 | _a" Sprague,Ralph H" | ||
| 942 | _cBK | ||
| 999 |
_c175018 _d175018 |
||